MARC

LEADER 00000nam0a2200000 4500
001 333874
005 20231102004611.0
035 |a (RuTPU)RU\TPU\book\359890 
035 |a RU\TPU\book\328341 
090 |a 333874 
100 |a 20170630d1980 k y0rusy5003 ca 
101 0 |a rus 
102 |a RU 
105 |a a z 001zy 
200 1 |a Безопасность людей при пожарах  |e сборник трудов  |h Вып. 2  |f Всесоюзный научно-исследовательский институт противопожарной обороны ; под ред. А. С. Туркова 
210 |a Москва  |c Изд-во ВНИИПО  |d 1980 
215 |a 117 с.  |c ил. 
320 |a Библиография в конце статей 
606 1 |a Пожарная профилактика  |2 stltpush  |3 (RuTPU)RU\TPU\subj\49932  |9 68692 
610 1 |a безопасность 
610 1 |a эвакуация 
610 1 |a полимерные материалы 
610 1 |a токсичность 
610 1 |a тепловые электростанции 
610 1 |a текстильная промышленность 
610 1 |a горение 
610 1 |a противопожарная защита 
610 1 |a жилые дома 
610 1 |a пожарные 
610 1 |a психологическая подготовка 
610 1 |a подземные сооружения 
610 1 |a метрополитены 
675 |a 614.841.3  |v 3 
702 1 |a Турков  |b А. С.  |4 340 
712 0 2 |a Всесоюзный научно-исследовательский институт противопожарной обороны  |g ВНИИПО  |2 stltpush  |3 (RuTPU)RU\TPU\col\8877 
801 0 |a RU  |b 63413507  |c 19950704  |g psbo 
801 1 |a RU  |b 63413507  |c 20150831 
801 2 |a RU  |b 63413507  |c 20170630  |g RCR 
942 |c BK